000 00604nam a2200229Ia 4500
003 OSt
005 20220918200339.0
006 a|||||r|||| 00| 0
007 ta
008 220917b |||||||| |||| 00| 0 eng d
024 _a88,408
037 _cTextual
040 _aARTS
_cARTS
_beng
041 _2eng
_aeng
082 _aT55.2,N66<--M13, L3
100 _aMathur Y.B.
_993675
245 0 _aWomen's education in India
260 _aNa
_bNa
_c1973
650 _aWOMEN - EDUCATION
_925383
942 _hT55.2,N66<--M13, L3
_cTEXL
_2CC
999 _c212096
_d212096